[Event "27th Bosna it"]
[Site "Sarajevo YUG"]
[Date "1988.04.03"]
[Round "12"]
[White "Romanishin, Oleg"]
[Black "Arapovic, Vitomir"]
[Result "1/2-1/2"]
[WhiteElo "2570"]
[BlackElo "2395"]
[EventDate "1988.03.21"]
[PlyCount "118"]
[Source "Perpetual Check"]

1.d4 g6 2.Nf3 Bg7 3.c4 d6 4.g3 Nd7 5.Bg2 e5 6.O-O Nh6 7.dxe5 dxe5 8.e4 O-O
9.Nc3 f6 10.b3 c6 11.a4 a5 12.Ba3 Re8 13.Qc1 Nf7 14.Rd1 f5 15.c5 Qf6 16.
Nd2 Nf8 17.Nc4 Ne6 18.Ne2 fxe4 19.Nc3 Nfg5 20.Nd6 Rf8 21.Ncxe4 Nxe4 22.
Nxe4 Qf5 23.Qc4 Kh8 24.Nd6 Qf6 25.Ne4 Qe7 26.Bh3 Nd4 27.Bxc8 Raxc8 28.Bb2 
Rcd8 29.Bxd4 exd4 30.Qd3 Rd5 31.Re1 Qd7 32.Ra2 g5 33.f3 Qf5 34.Rf2 h5 35.
f4 gxf4 36.Rxf4 Qg6 37.Nf2 Rff5 38.Rxf5 Qxf5 39.Qxf5 Rxf5 40.Nd3 Rf3 41.
Re8+ Kh7 42.Nf4 Rxb3 43.Re7 Kh6 44.Re6+ Kh7 45.Re7 Kh6 46.Kf2 Bf6 47.Re6 
Kg5 48.Nxh5 Kxh5 49.Rxf6 Rb2+ 50.Kf3 Rxh2 51.Ke4 d3 52.Kxd3 Rg2 53.Rf7 
Rxg3+ 54.Kc2 Rg5 55.Rxb7 Rxc5+ 56.Kd3 Kg5 57.Kd4 Rf5 58.Rc7 Rf4+ 59.Kc3 
Rxa4 1/2-1/2

[Event "27th Bosna it"]
[Site "Sarajevo YUG"]
[Date "1988.04.03"]
[Round "12"]
[White "Popchev, Milko"]
[Black "Dizdarevic, Emir"]
[Result "0-1"]
[WhiteElo "2470"]
[BlackElo "2485"]
[EventDate "1988.03.21"]
[PlyCount "74"]
[Source "Perpetual Check"]

1.e4 c5 2.c4 Nc6 3.Nc3 g6 4.g3 Bg7 5.Bg2 Nf6 6.Nge2 O-O 7.O-O Ne8 8.a3 Nc7
9.Rb1 d6 10.b4 b6 11.d3 Bb7 12.Nd5 Ne6 13.Ndf4 Ned4 14.Nxd4 Nxd4 15.Ne2 f5
16.Nxd4 cxd4 17.exf5 Bxg2 18.Kxg2 Rxf5 19.f4 Qd7 20.Rb2 Raf8 21.Rbf2 h5 
22.Kg1 Kh7 23.Qf3 a6 24.h3 Bh6 25.g4 hxg4 26.hxg4 Rxf4 27.Bxf4 Rxf4 28.
Qxf4 Bxf4 29.Rxf4 Kh6 30.Rxd4 Qa4 31.Re1 Qxa3 32.g5+ Kxg5 33.Rd5+ Kf6 34.
Rf1+ Ke6 35.b5 axb5 36.Re1+ Kd7 37.cxb5 e5 0-1

[Event "27th Bosna it"]
[Site "Sarajevo YUG"]
[Date "1988.04.03"]
[Round "12"]
[White "Klinger, Josef"]
[Black "Lalic, Bogdan"]
[Result "1/2-1/2"]
[WhiteElo "2505"]
[BlackElo "2495"]
[EventDate "1988.03.21"]
[PlyCount "35"]
[Source "Perpetual Check"]

1.e4 e6 2.d4 d5 3.Nd2 c5 4.exd5 exd5 5.Bb5+ Bd7 6.Qe2+ Be7 7.dxc5 Nf6 8.
Ngf3 O-O 9.O-O Re8 10.Bxd7 Nbxd7 11.Nb3 Nxc5 12.Nxc5 Bxc5 13.Qd3 h6 14.Bf4
Qd7 15.Rfe1 Rxe1+ 16.Rxe1 Re8 17.Rxe8+ Qxe8 18.h3 1/2-1/2

[Event "27th Bosna it"]
[Site "Sarajevo YUG"]
[Date "1988.04.03"]
[Round "12"]
[White "Hulak, Krunoslav"]
[Black "Cvitan, Ognjen"]
[Result "1/2-1/2"]
[WhiteElo "2475"]
[BlackElo "2520"]
[EventDate "1988.03.21"]
[PlyCount "33"]
[Source "Perpetual Check"]

1.g3 g6 2.Bg2 Bg7 3.c4 c5 4.Nc3 Nc6 5.e3 e6 6.Nge2 Nge7 7.O-O O-O 8.d4 
cxd4 9.Nxd4 Nxd4 10.exd4 d5 11.cxd5 Nxd5 12.Nxd5 exd5 13.Be3 Be6 14.Qd2 
Qb6 15.Rac1 Rfc8 16.h3 h5 17.Rfd1 1/2-1/2

[Event "27th Bosna it"]
[Site "Sarajevo YUG"]
[Date "1988.04.03"]
[Round "12"]
[White "Marjanovic, Slavoljub"]
[Black "Dorfman, Iosif"]
[Result "1/2-1/2"]
[WhiteElo "2480"]
[BlackElo "2520"]
[EventDate "1988.03.21"]
[PlyCount "37"]
[Source "Perpetual Check"]

1.d4 Nf6 2.c4 g6 3.Nc3 d5 4.Nf3 Bg7 5.e3 O-O 6.Be2 c5 7.O-O cxd4 8.exd4 
dxc4 9.Bxc4 b6 10.Re1 Nc6 11.Bg5 Na5 12.Bd3 Bb7 13.Qe2 h6 14.Bf4 Nc6 15.
Rad1 e6 16.a3 Nh5 17.Be3 Ne7 18.Ne5 Nf6 19.Qd2 1/2-1/2

[Event "27th Bosna it"]
[Site "Sarajevo YUG"]
[Date "1988.04.04"]
[Round "13"]
[White "Dorfman, Iosif"]
[Black "Dizdar, Goran"]
[Result "1/2-1/2"]
[WhiteElo "2520"]
[BlackElo "2490"]
[EventDate "1988.03.21"]
[PlyCount "36"]
[Source "Perpetual Check"]

1.c4 e6 2.Nc3 d5 3.d4 Bb4 4.cxd5 exd5 5.Bf4 Nf6 6.e3 c5 7.dxc5 O-O 8.Bd3 
Nbd7 9.Ne2 Nxc5 10.O-O Be6 11.Rc1 Nce4 12.a3 Nxc3 13.Nxc3 Bxc3 14.Rxc3 d4 
15.Rc5 dxe3 16.Bxe3 Nd5 17.Bb1 Qe7 18.Rc2 Rfd8 1/2-1/2

[Event "27th Bosna it"]
[Site "Sarajevo YUG"]
[Date "1988.04.04"]
[Round "13"]
[White "Cvitan, Ognjen"]
[Black "Marjanovic, Slavoljub"]
[Result "1/2-1/2"]
[WhiteElo "2520"]
[BlackElo "2480"]
[EventDate "1988.03.21"]
[PlyCount "28"]
[Source "Perpetual Check"]

1.d4 d5 2.c4 dxc4 3.Nf3 Nf6 4.Nc3 c6 5.e4 b5 6.e5 Nd5 7.a4 h6 8.axb5 Nxc3 
9.bxc3 cxb5 10.Ba3 Be6 11.g3 Nc6 12.Bg2 Bd5 13.O-O a5 14.Re1 e6 1/2-1/2

[Event "27th Bosna it"]
[Site "Sarajevo YUG"]
[Date "1988.04.04"]
[Round "13"]
[White "Kovacevic, Vlatko"]
[Black "Hulak, Krunoslav"]
[Result "1-0"]
[WhiteElo "2515"]
[BlackElo "2475"]
[EventDate "1988.03.21"]
[PlyCount "61"]
[Source "Perpetual Check"]

1.d4 Nf6 2.Nf3 e6 3.e3 c5 4.Bd3 b6 5.O-O Bb7 6.b3 cxd4 7.exd4 Be7 8.Bb2 
O-O 9.Nbd2 Nc6 10.a3 Rc8 11.Re1 Re8 12.Rc1 Nb8 13.Ng5 g6 14.c4 Nh5 15.Ndf3
d6 16.Bf1 Nd7 17.g3 Bf8 18.Bg2 Rc7 19.Qe2 Bg7 20.Ne4 Nf8 21.Nc3 Qa8 22.a4 
Nf6 23.a5 Qb8 24.axb6 axb6 25.Nb5 Rcc8 26.Ra1 N8d7 27.Ng5 d5 28.Ba3 Bf8 
29.Bxf8 Rxf8 30.f4 Rfd8 31.cxd5 1-0

[Event "27th Bosna it"]
[Site "Sarajevo YUG"]
[Date "1988.04.04"]
[Round "13"]
[White "Gunawan, Ronny"]
[Black "Klinger, Josef"]
[Result "0-1"]
[WhiteElo "2440"]
[BlackElo "2505"]
[EventDate "1988.03.21"]
[PlyCount "122"]
[Source "Perpetual Check"]

1.d4 e6 2.e4 d5 3.Nd2 c5 4.exd5 Qxd5 5.dxc5 Bxc5 6.Ngf3 Nf6 7.Bc4 Qh5 8.
O-O O-O 9.Qe2 Nbd7 10.Ne4 Nxe4 11.Qxe4 Bd6 12.Re1 Nf6 13.Qh4 Qxh4 14.Nxh4 
Bd7 15.Nf3 Rac8 16.Bb3 Bc6 17.Ne5 Be4 18.Nc4 Bb8 19.c3 Rfd8 20.Bg5 Bd5 21.
Rad1 h6 22.Bxf6 gxf6 23.Na5 Bxb3 24.Nxb3 Be5 25.Kf1 Kf8 26.Ke2 Ke7 27.Rxd8
Rxd8 28.h3 f5 29.Rd1 Rxd1 30.Kxd1 Kd6 31.Ke2 Kd5 32.Kd3 Bf6 33.Na5 b5 34.
c4+ bxc4+ 35.Nxc4 f4 36.b4 Bd4 37.f3 f5 38.Nd2 e5 39.Nb3 e4+ 40.Kc2 Kc4 
41.Nd2+ Kd5 42.Nb3 Bf2 43.a3 Bd4 44.Nd2 e3 45.Nb3 Bb2 46.a4 Kc4 47.Na5+ 
Kxb4 48.Nc6+ Kc4 49.Na5+ Kc5 50.Nb3+ Kd5 51.Kd3 Bf6 52.Nc1 Kc5 53.Ne2 Be5 
54.g3 fxg3 55.f4 Bc7 56.Kxe3 g2 57.Kf3 Kb4 58.Kxg2 Kxa4 59.Kf3 a5 60.Nd4 
Bb6 61.Nxf5 Kb3 0-1

[Event "27th Bosna it"]
[Site "Sarajevo YUG"]
[Date "1988.04.04"]
[Round "13"]
[White "Arapovic, Vitomir"]
[Black "Popchev, Milko"]
[Result "1/2-1/2"]
[WhiteElo "2395"]
[BlackElo "2470"]
[EventDate "1988.03.21"]
[PlyCount "82"]
[Source "Perpetual Check"]

1.e4 d6 2.d4 Nf6 3.Nc3 g6 4.Be3 c6 5.Qd2 b5 6.f3 Nbd7 7.Bd3 e5 8.Nge2 a6 
9.dxe5 dxe5 10.Nd1 Bc5 11.Bxc5 Nxc5 12.Nf2 Ne6 13.a4 Rb8 14.axb5 cxb5 15.
Qh6 Ng8 16.Qe3 Ne7 17.Ng4 Nc6 18.Qh6 Qg5 19.Qxg5 Nxg5 20.Nf6+ Kf8 21.Nd5 
Ne6 22.b4 Kg7 23.Kf2 Rd8 24.Rhd1 f6 25.c3 Kf7 26.Bc2 Ne7 27.Bb3 Nxd5 28.
Bxd5 Ke7 29.Ke3 Rb6 30.Rd2 Rbd6 31.Rad1 Nc7 32.Bb3 Rxd2 33.Rxd2 Bd7 34.Ra2
Be6 35.Bxe6 Kxe6 36.Rd2 Rc8 37.Ra2 Kd7 38.Nc1 Ne6 39.Ra3 Rc6 40.Nd3 Kc7 
41.h4 h6 1/2-1/2

[Event "27th Bosna it"]
[Site "Sarajevo YUG"]
[Date "1988.04.05"]
[Round "14"]
[White "Dizdar, Goran"]
[Black "Romanishin, Oleg"]
[Result "0-1"]
[WhiteElo "2490"]
[BlackElo "2570"]
[EventDate "1988.03.21"]
[PlyCount "72"]
[Source "Perpetual Check"]

1.d4 Nf6 2.Nf3 e6 3.e3 c5 4.Bd3 d6 5.O-O Be7 6.c4 Nbd7 7.b3 a6 8.Bb2 O-O 
9.Nbd2 b6 10.Qc2 Bb7 11.Rad1 h6 12.Ne4 cxd4 13.exd4 Nxe4 14.Bxe4 d5 15.
Bh7+ Kh8 16.Ne5 dxc4 17.Nxc4 Nf6 18.Bd3 Rc8 19.Qe2 b5 20.Ne3 Bb4 21.a4 
bxa4 22.Bxa6 Bxa6 23.Qxa6 a3 24.Bxa3 Ra8 25.Qxa8 Qxa8 26.Bxb4 Rb8 27.Be7 
Ne4 28.d5 exd5 29.Nxd5 Qa2 30.Rd4 Nd2 31.Rd1 Nxb3 32.R4d3 Qe2 33.Bd6 Nd2 
34.R3xd2 Qxd2 35.Ne3 Qxd1+ 36.Nxd1 Rb1 0-1

[Event "27th Bosna it"]
[Site "Sarajevo YUG"]
[Date "1988.04.05"]
[Round "14"]
[White "Kozul, Zdenko"]
[Black "Arapovic, Vitomir"]
[Result "0-1"]
[WhiteElo "2470"]
[BlackElo "2395"]
[EventDate "1988.03.21"]
[PlyCount "92"]
[Source "Perpetual Check"]

1.d4 g6 2.c4 Bg7 3.Nc3 d6 4.e4 e5 5.Nf3 Nc6 6.Bg5 f6 7.Be3 exd4 8.Nxd4 
Nge7 9.Be2 O-O 10.O-O f5 11.exf5 Bxd4 12.Bxd4 Nxf5 13.Nb5 a6 14.Bc3 axb5 
15.cxb5 Nce7 16.g4 Ng7 17.Qd4 Rf7 18.Bc4 d5 19.Rfe1 Bxg4 20.Qxg4 dxc4 21.
Rad1 Qc8 22.Qxc4 Qf5 23.Rd2 h5 24.h3 Kh7 25.Re5 Qb1+ 26.Kg2 Raf8 27.Bb4 
Rf4 28.Qb3 R8f5 29.Qe3 Rxe5 30.Qxe5 Qe4+ 31.Qxe4 Rxe4 32.a3 Nef5 33.Rd7 
Rc4 34.Bc3 Kh6 35.b6 cxb6 36.Rxb7 Rc6 37.a4 Ne6 38.Bd2+ g5 39.a5 Rd6 40.
Bc3 Nf4+ 41.Kh2 Nh4 42.f3 Rc6 43.Bg7+ Kg6 44.Kg1 Rc2 45.Bf8 Nxf3+ 46.Kf1 
Nd5 0-1

[Event "27th Bosna it"]
[Site "Sarajevo YUG"]
[Date "1988.04.05"]
[Round "14"]
[White "Hulak, Krunoslav"]
[Black "Lalic, Bogdan"]
[Result "0-1"]
[WhiteElo "2475"]
[BlackElo "2495"]
[EventDate "1988.03.21"]
[PlyCount "88"]
[Source "Perpetual Check"]

1.Nf3 Nf6 2.g3 g6 3.b3 Bg7 4.Bb2 c5 5.c4 d6 6.Bg2 e5 7.Nc3 O-O 8.d3 Nc6 9.
O-O Ne8 10.Nd2 Nc7 11.Nd5 Be6 12.a3 Rb8 13.Bc3 a5 14.e3 f5 15.Rb1 Bf7 16.
b4 axb4 17.axb4 Nxd5 18.cxd5 Nxb4 19.Bxb4 cxb4 20.Rxb4 b5 21.Qb3 Qa5 22.
Rb1 Rfc8 23.Qd1 Rc5 24.Nc4 Qc7 25.Na3 Be8 26.Bf1 Qa7 27.Qb3 Qc7 28.Qb2 h5 
29.d4 exd4 30.exd4 Kh7 31.Qd2 Rxd5 32.Bg2 Bf7 33.Nxb5 Qa5 34.Qb2 Rc5 35.
Bf3 Rc4 36.Be2 Bxd4 37.Qb3 Rc1+ 38.Rxc1 Bxb3 39.Rxb3 Qd2 40.Rc7+ Kh6 41.
Kf1 Bb6 42.Re7 Qd5 43.Rf3 Bd8 44.Nc3 Qxf3 0-1

[Event "27th Bosna it"]
[Site "Sarajevo YUG"]
[Date "1988.04.05"]
[Round "14"]
[White "Dorfman, Iosif"]
[Black "Cvitan, Ognjen"]
[Result "1/2-1/2"]
[WhiteElo "2520"]
[BlackElo "2520"]
[EventDate "1988.03.21"]
[PlyCount "25"]
[Source "Perpetual Check"]

1.d4 Nf6 2.Nf3 g6 3.g3 Bg7 4.c4 c6 5.Bg2 d5 6.cxd5 cxd5 7.O-O O-O 8.Ne5 e6
9.Nc3 Nfd7 10.f4 Nc6 11.Be3 Nb6 12.a4 a5 13.Qb3 1/2-1/2

[Event "27th Bosna it"]
[Site "Sarajevo YUG"]
[Date "1988.04.07"]
[Round "15"]
[White "Gunawan, Ronny"]
[Black "Hulak, Krunoslav"]
[Result "0-1"]
[WhiteElo "2440"]
[BlackElo "2475"]
[EventDate "1988.03.21"]
[PlyCount "60"]
[Source "Perpetual Check"]

1.d4 Nf6 2.c4 e6 3.Nf3 c5 4.d5 exd5 5.cxd5 d6 6.Nc3 g6 7.Bf4 a6 8.a4 Bg7 
9.e3 Bg4 10.Qb3 Bxf3 11.gxf3 Qc7 12.Bxd6 Qxd6 13.Qxb7 Nfd7 14.a5 O-O 15.
Qxa8 Bxc3+ 16.bxc3 Qf6 17.Rc1 Qxf3 18.Rg1 Ne5 19.Be2 Qe4 20.Rd1 Nbd7 21.
Qa7 Rb8 22.Kf1 Rb2 23.d6 Rxe2 24.Kxe2 Qc4+ 25.Kd2 Qd3+ 26.Kc1 Qxc3+ 27.Kb1
Qb3+ 28.Kc1 Nc4 29.Rd5 Qc3+ 30.Kd1 Nb2+ 0-1

[Event "27th Bosna it"]
[Site "Sarajevo YUG"]
[Date "1988.04.07"]
[Round "15"]
[White "Dizdarevic, Emir"]
[Black "Ninov, Kiril"]
[Result "1/2-1/2"]
[WhiteElo "2485"]
[BlackElo "2495"]
[EventDate "1988.03.21"]
[PlyCount "25"]
[Source "Perpetual Check"]

1.c4 Nf6 2.Nf3 c6 3.d4 d5 4.cxd5 cxd5 5.Nc3 Nc6 6.Bf4 Bf5 7.e3 e6 8.Bd3 
Bxd3 9.Qxd3 Bd6 10.Bxd6 Qxd6 11.O-O O-O 12.Rfc1 Rfc8 13.Qb5 1/2-1/2

[Event "27th Bosna it"]
[Site "Sarajevo YUG"]
[Date "1988.04.07"]
[Round "15"]
[White "Mestrovic, Zvonimir"]
[Black "Kozul, Zdenko"]
[Result "0-1"]
[WhiteElo "2430"]
[BlackElo "2470"]
[EventDate "1988.03.21"]
[PlyCount "84"]
[Source "Perpetual Check"]

1.Nc3 c5 2.Nf3 Nc6 3.g3 g6 4.Bg2 Bg7 5.O-O d6 6.d3 e5 7.Bg5 f6 8.Bd2 Nge7 
9.Qc1 O-O 10.Bh6 Rb8 11.Bxg7 Kxg7 12.e4 b5 13.Nh4 Nd4 14.Qd2 Bg4 15.Nd1 g5
16.Ne3 Qd7 17.Nxg4 Qxg4 18.Nf5+ Nexf5 19.f3 Qh5 20.exf5 Qf7 21.g4 d5 22.c3
Nc6 23.h4 h6 24.Qf2 Rfc8 25.Rae1 b4 26.f4 gxf4 27.c4 dxc4 28.g5 cxd3 29.
gxf6+ Qxf6 30.Qxc5 Nd4 31.Qxe5 Ne2+ 32.Rxe2 dxe2 33.Qxe2 Qxf5 34.Rd1 Kh8 
35.Qf2 Rb6 36.Rd5 Qf6 37.Rd4 Rf8 38.Rd7 f3 39.Bh3 Rd6 40.Qxa7 Qg6+ 41.Kh2 
Qc2+ 42.Kh1 Qd1+ 0-1